000 00972nam a2200361 a 4500
001 vtls000043069
003 NLI
005 20210601184848.0
008 101125s1965 enk 001 eng
020 _c$ 17.95
039 9 _y201011250404
_zVLOAD
040 0 _aNLI
_beng
_cVERGIS-2003
041 0 _aeng
044 _aenk
082 0 4 _a821.04
100 1 _aDay Lewis, C.
_998104
245 1 4 _aThe lyric impulse/
_cC. Day Lewis
260 _aLondon:
_bChatto and Windus,
_cc1965
300 _a164 p.;
_c23 cm.
500 _aIncludes index
650 0 _aLyric poetry
_990595
650 0 _aEnglish poetry
_xHistory and criticism
887 _aP.Rajendran
901 _a381321
_b22/08/1966
902 _aE 821.04 D 334 l
903 _a21/05/2004
904 _aP.Rajendran
906 _a044786
949 _AVIRTUAITEM
_D10000
_F1
_X100
_6PUR000381321ENG
_aE 821.04 D334l
942 _2ddc
_cBKS
999 _aVIRTUA
_c46151
_d46151
999 _aVTLSSORT0200*9490*9991